The Oxford handbook of European legal history (Registro nro. 317934)
[ vista simple ]
| 000 -ENCABEZADO | |
|---|---|
| Número de control [NR] | 00883nam a2200241 c 4500 |
| 005 - FECHA Y HORA DE LA ÚLTIMA TRANSACCIÓN | |
| control field | 20200918101552.0 |
| 008 - DE LONGITUD FIJA DE DATOS DE ELEMENTOS - INFORMACIÓN GENERAL | |
| Elementos de longitud fija [NR] | 120830s2018 enk |||gr|||| 00| 0 eng d |
| 020 ## - NUMERO INTERNACIONAL NORMALIZADO PARA LIBROS [R] | |
| Número Internacional Normalizado del libro [NR] | 9780198785521 |
| 040 ## - FUENTE DE CATALOGACION [NR] | |
| Agencia de catalogación original [NR] | CO-BoUCM |
| Idioma de catalogación [NR] | spa |
| Quien Cataloga | Deissy Garcia |
| Quien Clasifica | Deissy Garcia |
| 041 0# - CODIGO DE IDIOMA [R] | |
| Código de idioma para texto/pista de sonido o título separado [R] | Inglés |
| 245 04 - MENCION DE TITULO [NR] | |
| Título [NR] | The Oxford handbook of European legal history |
| Mención de responsabilidad, etc. [NR] | editado por Heikki Pihlajamäki, Markus D. Dubber, Mark Godfrey |
| 260 ## - PUBLICACION, DISTRIBUCION, ETC. (PIE DE IMPRENTA) [R] | |
| Nombre del editor, distribuidor, etc. [R] | Oxford University Press |
| Fecha de publicación, distribución, etc. [R] | 2018 |
| Lugar de publicación, distribución, etc. [R] | Oxford |
| 300 ## - DESCRIPCION FISICA [R] | |
| Extensión [R] | xvii, 1192 páginas |
| 490 0# - MENCION DE SERIE [R] | |
| Mención de serie [R] | [Oxford handbooks] |
| 504 ## - NOTA DE BIBLIOGRAFIA, ETC. [R] | |
| Nota de bibliografía, etc. [NR] | Incluye referencias bibliográficas e índices |
| 650 ## - ASIENTO SECUNDARIO DE MATERIA - TERMINO TEMATICO [R] | |
| Término temático o nombre geográfico como elemento de entrada [NR] | Leyes |
| Subdivisión general [R] | Historia |
| Subdivisión geográfica [R] | Europa |
| 9 (RLIN) | 101100 |
| 650 ## - ASIENTO SECUNDARIO DE MATERIA - TERMINO TEMATICO [R] | |
| Término temático o nombre geográfico como elemento de entrada [NR] | Historia |
| Subdivisión geográfica [R] | Europa |
| 9 (RLIN) | 101101 |
| 700 1# - ASIENTO SECUNDARIO - NOMBRE PERSONAL [R] | |
| 9 (RLIN) | 101097 |
| Nombre personal [NR] | Pihlajamäki, Heikki |
| 700 1# - ASIENTO SECUNDARIO - NOMBRE PERSONAL [R] | |
| 9 (RLIN) | 101098 |
| Nombre personal [NR] | Dubber, Markus Dirk |
| 700 1# - ASIENTO SECUNDARIO - NOMBRE PERSONAL [R] | |
| 9 (RLIN) | 101099 |
| Nombre personal [NR] | Godfrey, Mark |
| 942 ## - ELEMENTOS DE ENTRADA AGREGADOS (KOHA) | |
| Tipo de ítem principal el descrito en 300a | Libro |
| Sistema de clasificación | DEWEY |
| Tema principal | Historia |
| Edición | 1 |
| Clasificación | 940.271 |
| Parte restante de la signatura top. | O982 |
| Fecha de último préstamo | Total préstamos | Total Renewals | Signatura topográfica | Código de barras | Última vez visto | Ejemplar | Costo de reposición | Price effective from | Tipo de ítem | Perdido | Sistema de clasificación | Dañado | No prestable | Tipo de ítem específico | Suprimido | Ubicación habitual | Ubicación actual | Localización | Fecha de creación | Proveedor | Forma de adquisición | Costo |
|---|---|---|---|---|---|---|---|---|---|---|---|---|---|---|---|---|---|---|---|---|---|---|
| 21/09/2020 | 1 | 4 | 940.271 O982 | 100166699 | 09/12/2025 | Ej.1 | 651245.00 | 18/09/2020 | Libro | DEWEY | Libro | Claustro | Claustro | 2do piso | 18/09/2020 | 156 | Compra | 651245.00 |